000 00198 a2200097 4500
020 _a9700300366
041 _aspa
100 _aFernandez Editores
245 _aEncuentros Extragalacticos
942 _cK
999 _c28840
_d28840